000 00986nas a22001937a 4500
003 NALT
005 20220124101448.0
008 170621b th ||||| |||| 00| 0 tha d
040 _aNALT
041 0 _atha
245 1 0 _aวารสารนิติศาสตร์ มหาวิทยาลัยธรรมศาสตร์
310 _aรายสามเดือน
500 _aหยุดผลิตหลังเดือนธันวาคม 2562
850 _aNALT
856 4 0 _uhttps://so05.tci-thaijo.org/index.php/tulawjournal/issue/archive
866 3 1 _aปีที่ 43 ฉบับที่ 1-4 (2557), ปีที่ 44 ฉบับที่ 1-4 (2558), ปีที่ 45 ฉบับที่ 4 (2559), ปีที่ 46 ฉบับที่ 1, 3-4 (2560), ปีที่ 47 ฉบับที่ 1-4 (2561), ปีที่ 48 ฉบับที่ 1-4 (2562)
942 _cJNR
_s1
_09
_2lcc
998 _bjintana.i
_d2017-05-30 16:18:32.017
_j755
_k จินตนา เอี่ยมคง
999 _c83137
_d83137